00839nam a2200205 a 4500008004100000020002300041100001800064245020100082260003100283300002500314650002600339700002200365700002200387700001800409740008900427740009000516003000100606005001700607040000900624  a0080420834 (pbk.) 1 aCoulson, J.M.10aCoulson & Richardson's chemical engineering.nvol. 4. :bsolutions to the problems in chemical engineering volume 1 /cJ.M. Coulson and J.F. Richardson ; edited by J.R. Blackhurst and J.H. Harker. aOxford :bPergamon,c1994. aix, 264 p. ;c25 cm.0 aChemical engineering.1 aRichardson, J. F.1 aBlackhurst, J. R. aHarker, J. H. aChemical engineering : volume 4 solutions to the problems in chemical engineering 1. aSolutions to the problems in chemical engineering 1 : Chemical engineering, volume 4.20230123134034.0 cNUST